Distribution of values of holomorphic mappings /

Guardado en:
Autor Principal: Shabat, B. V.
Otros Autores: Leifman, L. IA.
Formato: Libro
Idioma:English
Russian
Publicado: Providence, R.I. : American Mathematical Society, c1985.
Series:Translations of mathematical monographs ; v. 61
Materias:
Etiquetas: Agregar Etiqueta
Sin Etiquetas, Sea el primero en etiquetar este registro!
LEADER 01089pam a2200277 a 4500
001 MAT.inmabb006219
008 850429s1985####riu######b####000#0#eng##
005 20160808150129.0
245 1 0 |a Distribution of values of holomorphic mappings /  |c B.V. Shabat ; [translated from the Russian by J.R. King] ; [translation edited by Lev J. Leifman]. 
260 |a Providence, R.I. :  |b American Mathematical Society,  |c c1985. 
300 |a v, 225 p. ;  |c 24 cm. 
440 0 |a Translations of mathematical monographs ;  |v v. 61 
500 |a Traducción de: Raspredelenie znachenii golomorfnykh otobrazhenii. 
504 |a Bibliografía: p. 213-225. 
510 4 |a MR,  |c 86k:32023 
020 |a 0821845144 
100 1 |a Shabat, B. V.  |q (Boris Vladimirovich) 
240 1 0 |a Raspredelenie znachenii golomorfnykh otobrazhenii.  |l Inglés 
700 1 |a Leifman, L. IA.  |q (Lev IAkovlevich) 
650 0 |a Holomorphic mappings. 
650 0 |a Value distribution theory. 
084 |a 32H30  |2 msc2000 
010 |a  85009236  
040 |a DLC  |c DLC  |d DLC 
041 1 |a eng  |h rus 
859 |h 32  |i Sh524  |p A-5984  |b BIB. MATEMATICA